| 000 | 00598nam a2200205Ia 4500 | ||
|---|---|---|---|
| 005 | 20250508164604.0 | ||
| 008 | 008 250505s9999 xx 000 0 eng d | ||
| 037 | _aTextual | ||
| 040 |
_aFEDL _beng _cFEDL |
||
| 041 |
_aeng _2eng |
||
| 084 |
_a372.21, HUR _qFEDL |
||
| 100 |
_aHurst Victoria _9778546 |
||
| 245 | 0 | _aPlanning for early learning : Education in the first five years | |
| 260 |
_aLondon, UK _bPaul Chapman Publishing Limited _c1991 |
||
| 300 | _aix, 156p. | ||
| 365 |
_aGBP _b9.95 |
||
| 546 | _aMACESE | ||
| 942 |
_cTEXL _h372.21, HUR |
||
| 999 |
_c1389983 _d1389983 |
||